Risk finance and asset pricing (Record no. 82568)
[ view plain ]
| 000 -LEADER | |
|---|---|
| fixed length control field | 02254nam a2200397 a 4500 |
| 082 04 - DEWEY DECIMAL CLASSIFICATION NUMBER | |
| Classification number | 658.15/5 |
| 100 1# - MAIN ENTRY--AUTHOR NAME | |
| Personal name | Tapiero, Charles S. |
| 245 10 - TITLE STATEMENT | |
| Title | Risk finance and asset pricing |
| 260 ## - PUBLICATION, DISTRIBUTION, ETC. (IMPRINT) | |
| Place of publication | New York : |
| Name of publisher | Wiley, |
| Year of publication | 2010. |
| 300 ## - PHYSICAL DESCRIPTION | |
| Number of Pages | xix, 456 p. : |
| Other physical details | ill. |
| 490 1# - SERIES STATEMENT | |
| Series statement | Wiley finance ; |
| 520 ## - SUMMARY, ETC. | |
| Summary, etc | "Charles Tapiero, as the head of the biggest financial engineering program in the world and business consultant, has his finger on the pulse of the shift that is coming in financial engineering applications and study. With an eye toward the future, he has crafted a comprehensive and practical book that emphasizes an intuitive approach to the financial and quantitative foundations of financial and risk engineering and its many applications to asset pricing and risk management. Covering the theory from a practitioner perspective, he then applies it to a variety of real world problems. The book presents important techniques to price, hedge, and manage risks in general - while acknowledging the high degree of uncertainty in the real world"-- Provided by publisher. |
| 650 #0 - SUBJECT ADDED ENTRY--TOPICAL TERM | |
| Topical Term | Financial engineering. |
| Topical Term | Financial risk management. |
| Topical Term | Finance |
| Topical Term | Investments |
| 856 40 - ELECTRONIC LOCATION AND ACCESS | |
| Uniform Resource Identifier | http://site.ebrary.com/lib/rucke/Doc?id=10419091 |
No items available.
